000 00312nam a22001217a 4500
008 180427b xxu||||| |||| 00| 0 eng d
041 _aeng
080 _a043.3
100 _a0
101 _aSHJ-BA
245 _aKontrata mbi Dhuraten si Forme e Fitimit te se Drejtes se Pronesise
_cRexhepaj, K
942 _2udc
_cBK
999 _c45639
_d45639